000 00657nam a2200181Ia 4500
008 151202s9999||||xx |||||||||||||| ||und||
082 _bPNVM-42338
100 _aजागीरदार पी.जे.
245 _aमहादेव गोविद रानडे.
260 _bप्रकाशन विभाग भारत सरकार.
260 _c1990
300 _a200
600 _aजागीरदार पी.जे.
630 _aमहादेव गोविद रानडे.
700 _aजागीरदार पी.जे.
730 _aमहादेव गोविद रानडे.
942 _cBOOK
999 _c1308290
_d1308287